LEADER 01059nam a2200241 4500 001 000000340017 003 CaOOAMICUS 005 20200804085247.0 008 200330n19-? it 000 u ita r 040 $aSeMil$bita 100 1 $aMonzio Compagnoni, Giordano.$0(OLS)http://semarc/name/111272 245 10$aDialogo ed evangelizzazione nel magistero di Paolo 6. /$cGiordano Monzio Compagnoni. 264 1$a[Brescia] :$bDiocesi di Brescia,$c[198?] 300 $a124 p. ;$c24 cm 541 0 $aFondo mons. Pasquale Macchi 650 4$aPaolo VI - Evangelizzazione.$0(OLS)http://semarc/subject/43598 650 4$aPaolo VI - Dialogo.$0(OLS)http://semarc/subject/43351 850 $aSeMil 852 $aSeMil$W1$xVenegono$y1$m2A VI 238$j220176$B231176$CSeMilBibl$Z2$F231176 $81 941 1 $a9 996 $6245$aDialogo ed evangelizzazione nel magistero di Paolo 6.$9(OLS)http://semarc/title/428937 996 $6264$a[Brescia] :$bDiocesi di Brescia$9(OLS)http://semarc/publisher/49702 LEADER 00823nam a2200205 i 4500 001 000000180451 003 CaOOAMICUS 005 20090710000000.0 008 090710s1929 it u000 u ita u 013 $a158096 040 $aSeMil$bita 245 10$aDio e l'opera sua /$ctraduzione dal francese di P. F. Menegatti. 250 $a2. edizione stereotipa. 300 $aXI, 400 p. 700 1 $aMenegatti, Federico.$0(OLS)http://semarc/name/6061 700 1 $aGibier, Charles .$0(OLS)http://semarc/name/6060 773 0 $aGibier, Charles $tConferenze agli uomini.$dTorino ; Roma : Marietti, 1929.$w()21668 850 $aSeMil 852 $aSeMil$W1$xVenegono$y1$m3C II 117$j131199$B131199$CSeMilBibl$Z2$F143090 $81 996 $6245$aDio e l'opera sua$9(OLS)http://semarc/title/259103